| 000 | 00342nam a2200133Ia 4500 | ||
|---|---|---|---|
| 008 | 191201s2005 xx 000 0 und d | ||
| 082 |
_a005.10684 _bJAS |
||
| 100 | _aJALOTE, Pankaj | ||
| 245 | 0 | _aSoftware Project Management Practice | |
| 260 |
_aN.Delhi _bPearson Education _c2005 |
||
| 300 | _a262 | ||
| 650 | _aB.Tech(ECE) | ||
| 942 |
_2ddc _cBK |
||
| 999 |
_c2371 _d2371 |
||